banner koha

Fauna parasitária de tambaqui Colossoma macropomum (Characidae)cultivado em tanque-rede no estado do Amapá, Amazônia oriental (Registro n. 234858)

MARC details
000 -LÍDER
campo de controle de tamanho fixo 00943nas a2200301 4500
001 - NÚMERO DE CONTROLE
campo de controle BR2014000533
003 - IDENTIFICADOR DO NÚMERO DE CONTROLE
campo de controle BR-BrBNA
005 - DATA E HORÁRIO DA ÚLTIMA TRANSAÇÃO
campo de controle 20231205123626.0
007 - CAMPO FIXO DE DESCRIÇÃO FÍSICA--INFORMAÇÃO GERAL
campo de controle de tamanho fixo ta
008 - CAMPO DE DADOS FIXOS--INFORMAÇÃO GERAL
campo de controle de tamanho fixo 230509b bl.|||p| |||| 00| 00por d
040 ## - FONTE DA CATALOGAÇÃO
Instituição da catalogação original BR-BrBNA
Idioma da catalogação por
Instituição que transcreveu o registro Biblioteca Nacional de Agricultura
041 ## - CÓDIGO DE IDIOMA
Código do idioma do texto/trilha sonora ou título diferente (Pt)
072 ## - CÓDIGO DE CATEGORIA DE ASSUNTO
Código de Categoria de Assunto L73; M12
100 1# - ENTRADA PRINCIPAL--NOME PESSOAL
Nome pessoal Santos, E.F.
100 1# - ENTRADA PRINCIPAL--NOME PESSOAL
Nome pessoal Tavares-Dias, M.
100 1# - ENTRADA PRINCIPAL--NOME PESSOAL
Nome pessoal Pinheiro, D.A.
100 1# - ENTRADA PRINCIPAL--NOME PESSOAL
Nome pessoal Neves, L.R.
100 1# - ENTRADA PRINCIPAL--NOME PESSOAL
Nome pessoal Marinho, R. das G.B.
100 1# - ENTRADA PRINCIPAL--NOME PESSOAL
Nome pessoal Dias, M.K.R.
245 1# - TÍTULO
Título Fauna parasitária de tambaqui Colossoma macropomum (Characidae)cultivado em tanque-rede no estado do Amapá, Amazônia oriental
650 ## - ASSUNTO--TERMO TÓPICO
Cabeçalho tópico ou nome geográfico TAMBAQUI
650 ## - ASSUNTO--TERMO TÓPICO
Cabeçalho tópico ou nome geográfico PEIXE DE ÁGUA DOCE
650 ## - ASSUNTO--TERMO TÓPICO
Cabeçalho tópico ou nome geográfico PISCICULTURA
650 ## - ASSUNTO--TERMO TÓPICO
Cabeçalho tópico ou nome geográfico DOENÇA ANIMAL
773 0# - ENTRADA ANALÍTICA
Título Acta Amazônica (Brazil)
ISSN - International Standard Serial Number ISSN 0044-5967
Partes relacionadas (Mar 2013), v. 43(1) p. 107-114
Número de controle do registro BR2014000533
909 ## -
-- 202311
-- Lúcia
-- 55
-- Lúcia Elande
942 ## - ELEMENTOS DE ENTRADA ADICIONADOS (KOHA)
Fonte da classificação ou esquema de arquivamento na estante Classificação AGRIS
Ocultar no OPAC Não
Tipo de material Koha Analítica
Exemplares
Situação do descarte Fonte da classificação ou esquema de arquivamento na estante Situação física Não pode ser emprestado Biblioteca de origem Biblioteca atual Localização na estante Enumeração do periódico / cronologia Total de empréstimos Data de último acesso Número do exemplar Tipo de material Koha Fonte de aquisição
  Classificação AGRIS   Consulta local Biblioteca Nacional de Agricultura - Binagri Biblioteca Nacional de Agricultura - Binagri   (Mar 2013), v. 43(1) p. 107-114   29/11/2023 01 Periódicos Portaria Interministerial nº 164/94

BINAGRI

Telefone: (61)3218-2567/2388/3357/2097 - binagri@agro.gov.br

Ministério da Agricultura e Pecuária , Esplanada dos Ministérios, Bloco D, Anexo B, Brasília/DF, CEP: 70.043-900